ბათუმის შოთა რუსთაველის სახელმწიფო უნივერსიტეტის ბიბლიოთეკა

Основы надежности сельско-хозяйственной техники (ბიბ.ჩანაწერი № 45594)

000 -LEADER
fixed length control field 00633nam a2200193Ia 4500
001 - CONTROL NUMBER
control field 12420
003 - CONTROL NUMBER IDENTIFIER
control field GE_BSU
008 - FIXED-LENGTH DATA ELEMENTS--GENERAL INFORMATION
fixed length control field 181216s||||||||xx |||||||||||||| ||und||
040 ## - CATALOGING SOURCE
Transcribing agency GE_BSU
080 ## - UNIVERSAL DECIMAL CLASSIFICATION NUMBER
Universal Decimal Classification number 631.3-192(075.8)
100 ## - MAIN ENTRY--PERSONAL NAME
Personal name Ермолов,Л.С. Кряжков,В.М. Черкун, В.Е.
245 ## - TITLE STATEMENT
Title Основы надежности сельско-хозяйственной техники
260 ## - PUBLICATION, DISTRIBUTION, ETC.
Place of publication, distribution, etc. Москва
260 ## - PUBLICATION, DISTRIBUTION, ETC.
Name of publisher, distributor, etc. Колос
260 ## - PUBLICATION, DISTRIBUTION, ETC.
Date of publication, distribution, etc. 1974
300 ## - PHYSICAL DESCRIPTION
Extent 222стр.илл.21см.
653 ## - INDEX TERM--UNCONTROLLED
Uncontrolled term Основы надежности сельско-хозяйственной техники
942 ## - ADDED ENTRY ELEMENTS (KOHA)
Koha item type წიგნი
ეგზემპლარები
Withdrawn status Lost status Damaged status Not for loan Date acquired Barcode Date last seen Price effective from Koha item type
        2018-12-17 20732 2018-12-17 2018-12-17 წიგნი